000
00320nam a22001337a 4500
008
190205b xxu||||| |||| 00| 0 eng d
020
_a
61195
041
_a
eng
080
_a
316
100
_a
50
101
_a
SOC
245
_a
Social Stratification: Research and Theory for the 1970s
_c
Laumann, E.O
942
_2
udc
_c
BK
999
_c
53950
_d
53950